000 00556nam a22002297a 4500
003 UA-OsUOA
001 23071
007 ta
008 20040106b un ||||| |||| 00| 0 ukr d
090 _a219.8
_bП90
942 _cBK
040 _aUA-OsUOA
_brus
_cUA-OsUOA
_dUA-OsUOA
245 _aПути достижения мира
_bСодержание тезисов воззвания бахаистов
300 _a8 с.
955 _a0
041 _arus
080 _a219.8
260 _c1990
044 _aRU
650 7 _2UDC
999 _c309310
_d309310